LEADER 04755nam 22007575 450 001 996464384803316 005 20230329235459.0 010 $a3-030-72904-4 024 7 $a10.1007/978-3-030-72904-2 035 $a(CKB)4100000011807136 035 $a(MiAaPQ)EBC6531821 035 $a(Au-PeEL)EBL6531821 035 $a(OCoLC)1244534843 035 $a(DE-He213)978-3-030-72904-2 035 $a(PPN)25471935X 035 $a(EXLCZ)994100000011807136 100 $a20210326d2021 u| 0 101 0 $aeng 135 $aurcnu|||||||| 181 $ctxt$2rdacontent 182 $cc$2rdamedia 183 $acr$2rdacarrier 200 10$aEvolutionary Computation in Combinatorial Optimization$b[electronic resource] $e21st European Conference, EvoCOP 2021, Held as Part of EvoStar 2021, Virtual Event, April 7?9, 2021, Proceedings /$fedited by Christine Zarges, Sébastien Verel 205 $a1st ed. 2021. 210 1$aCham :$cSpringer International Publishing :$cImprint: Springer,$d2021. 215 $a1 online resource (xiv, 237 pages) $cillustrations 225 1 $aTheoretical Computer Science and General Issues,$x2512-2029 ;$v12692 311 $a3-030-72903-6 320 $aIncludes bibliographical references and index. 327 $aA Novel Ant Colony Optimization Strategy for the Quantum Circuit Compilation Problem -- Hybridization of Racing Methods with Evolutionary Operators for Simulation Optimization of Traffic Lights Programs -- Decomposition-based Multi-objective Landscape Features and Automated Algorithm Selection -- MATE: A Model-Based Algorithm Tuning Engine -- An Improvement Heuristic Based on Variable Neighborhood Search for a Dynamic Orienteering Problem -- Runtime Analysis of the (mu+1)-EA on the Dynamic BinVal Function -- Tabu-Driven Quantum Neighborhood Samplers -- On Hybrid Heuristics for Steiner Trees on the Plane with Obstacles -- Flowshop NEH-Based Heuristic Recommendation -- Stagnation Detection with Randomized Local Search -- An Artificial Immune System for Black Box Test Case Selection -- Symmetry Breaking for Voting Mechanisms -- A Heuristic Algorithm for School Bus Routing with Bus Stop Selection -- Hybrid Heuristic and Metaheuristic for Solving Electric Vehicle Charging Scheduling Problem. 330 $aThis book constitutes the refereed proceedings of the 21st European Conference on Evolutionary Computation in Combinatorial Optimization, EvoCOP 2021, held as part of Evo*2021, as Virtual Event, in April 2021, co-located with the Evo*2021 events: EvoMUSART, EvoApplications, and EuroGP. The 14 revised full papers presented in this book were carefully reviewed and selected from 42 submissions. They cover a wide spectrum of topics, ranging from the foundations of evolutionary algorithms and other search heuristics to their accurate design and application to combinatorial optimization problems. Fundamental and methodological aspects deal with runtime analysis, the structural properties of fitness landscapes, the study of core components of metaheuristics, the clever design of their search principles, and their careful selection and configuration. Applications cover problem domains such as scheduling, routing, search-based software engineering and general graph problems. The range of topics covered in this volume reflects the current state of research in the fields of evolutionary computation and combinatorial optimization. 410 0$aTheoretical Computer Science and General Issues,$x2512-2029 ;$v12692 606 $aComputer science?Mathematics 606 $aComputer systems 606 $aComputer science 606 $aArtificial intelligence 606 $aComputer programming 606 $aSoftware engineering 606 $aMathematics of Computing 606 $aComputer System Implementation 606 $aTheory of Computation 606 $aArtificial Intelligence 606 $aProgramming Techniques 606 $aSoftware Engineering 615 0$aComputer science?Mathematics. 615 0$aComputer systems. 615 0$aComputer science. 615 0$aArtificial intelligence. 615 0$aComputer programming. 615 0$aSoftware engineering. 615 14$aMathematics of Computing. 615 24$aComputer System Implementation. 615 24$aTheory of Computation. 615 24$aArtificial Intelligence. 615 24$aProgramming Techniques. 615 24$aSoftware Engineering. 676 $a005.432 702 $aVerel$b Se?bastien 702 $aZarges$b Christine 801 0$bMiAaPQ 801 1$bMiAaPQ 801 2$bMiAaPQ 906 $aBOOK 912 $a996464384803316 996 $aEvolutionary Computation in Combinatorial Optimization$92824693 997 $aUNISA